00362nam a22001457a 450000500170000002000180001704100120003508200170004710000220006424500800008625000070016626000240017330000080019736500110020520260323111249.0 a9788198844347 aEnglish aT210 R25 STE aStephen Jeyaseela aThamizh Ilakkiya Varalaru : Puthucherriyil Malarnthu Valarnthathu 1735-1878 a01 aChennaibNCBHc2025 a128 b120.00